| 000 | 00466pab a2200157 454500 | ||
|---|---|---|---|
| 008 | 180718b2006 xxu||||| |||| 00| 0 eng d | ||
| 100 | _aSchneider, Aaron | ||
| 245 | _aResponding to fiscal stress: fiscal institutions and fiscal adjustment in four Brazilian state | ||
| 260 | _c2006 | ||
| 300 | _ap.402-25. | ||
| 362 | _aApr | ||
| 650 | _aEconomic recession - Brazil | ||
| 650 | _aEconomic recession | ||
| 773 | _aJournal of Development Studies | ||
| 909 | _a70382 | ||
| 999 |
_c70382 _d70382 |
||